| 000 | 01157nas a2200277 i 4500 | ||
|---|---|---|---|
| 001 | 253068 | ||
| 005 | 20260129084332.0 | ||
| 007 | ta | ||
| 008 | 260128e19921995dr ||p|r||||||0| |0spa d | ||
| 040 |
_aDO-SdBNP _bspa _cDO-SdBNP _erda |
||
| 041 | _hspa | ||
| 110 | 2 |
_aUniversidad Iberoamericana (Santo Domingo, República Dominicana) _984319 |
|
| 245 |
_aUNIBE : _bschool of medicine : bulletin 1992 / _cUniversidad Iberoamericana (UNIBE). |
||
| 264 |
_aSanto Domingo, República Dominicana : _bUniversidad Iberoamericana (UNIBE), _c1992-. |
||
| 300 |
_avolumen : _bilustraciones,fotografias, mapas ; _c31 cm. |
||
| 310 | _aDesconocido. | ||
| 336 |
_atexto _btxt _2rdacontent |
||
| 337 |
_asin mediación _bn _2rdamedia |
||
| 338 |
_avolumen _bnc _2rdacarrier |
||
| 362 | _aUNIBE : school of medicine, 1992-1995. | ||
| 500 | _aCatalogación basada en el número: UNIBE : school of medicine, 1992-1995. | ||
| 500 | _aEste material está disponible en inglés. | ||
| 650 | 0 |
_aMedicina _912481 _vBoletín _zRepública Dominicana |
|
| 650 | 0 |
_aEducación superior _vPublicaciones periódicas _xMiscelánea _zRepública Dominicana _963982 |
|
| 942 |
_2ddc _cISSUE |
||
| 999 |
_c60133 _d60133 |
||